| 000 | 01067nam0a2200301 4500 | ||
|---|---|---|---|
| 001 | RU\NLR\bibl\810812 | ||
| 005 | 20250614132806.0 | ||
| 021 |
_aRU _b2005-15520 _9789 |
||
| 035 | _a(NLR Aleph) 000799880 | ||
| 090 |
_a1174481 _c1174481 |
||
| 100 | _a20050617d2004 |||y0rusy50 ca | ||
| 101 | 0 | _arus | |
| 102 | _aRU | ||
| 105 | _ay ||||||||| | ||
| 200 | 1 |
_aМетодологические аспекты экономического анализа деятельности хозяйствующих субъектов _eмонография _fС.В. Банк |
|
| 210 |
_aАстрахань _cЦНТЭП _d2004 |
||
| 215 |
_a83 с. _d21 |
||
| 320 | _aБиблиогр.: с. 75-82 (98 назв.) | ||
| 606 | 1 |
_aЭкономический анализ _92004132 _3RU\NLR\auth\661206211 |
|
| 686 | _aУ053.9(2) | ||
| 700 | 1 |
_aБанк _bС. В. _gСергей Валерьевич _4070 |
|
| 801 | 0 |
_aRU _bNLR _c20050617 _gPSBO |
|
| 801 | 1 |
_aRU _bNLR _c20050617 |
|
| 830 | _aавт. по кн. | ||
| 942 | _cBOOK | ||
| 980 | _aNB | ||
| 980 | _aNBR | ||